Ngày phán xử cuối cùng

Tuyển tập là những bài viết của tác giả về cuộc kháng chiến chống Mỹ của nhân dân Việt Nam

Đã lưu trong:
Sonraí Bibleagrafaíochta
Príomhúdar: B Dimitrova
Formáid: Leabhar
Teanga:Undetermined
Foilsithe: Hà Nội Văn học 1975
Ábhair:
Clibeanna: Cuir Clib Leis
Gan Chlibeanna, Bí ar an gcéad duine leis an taifead seo a chlibeáil!
Thư viện lưu trữ: Trung tâm Học liệu Trường Đại học Cần Thơ
LEADER 00615nam a2200181Ia 4500
001 CTU_15800
008 210402s9999 xx 000 0 und d
082 |a 891.73 
082 |b D628 
100 |a B Dimitrova 
245 0 |a Ngày phán xử cuối cùng 
245 0 |c B Dimitrova 
260 |a Hà Nội 
260 |b Văn học 
260 |c 1975 
520 |a Tuyển tập là những bài viết của tác giả về cuộc kháng chiến chống Mỹ của nhân dân Việt Nam 
650 |a bulgarian literature 
980 |a Trung tâm Học liệu Trường Đại học Cần Thơ